000 00270nam a22001217a 4500
020 _a0-88316-358-0
082 _a530.72 AIP
100 _aWI MADISON
_967895
245 _aADVANCED ACCELERATOR CONCEPTS
260 _aNEW YORK
_bPDF
_c1978
300 _a568P
942 _cBK
999 _c575583
_d575583